000 00680cam a22002174a 4500
999 _c114620
_d114620
001 4509728
005 20191112110416.0
008 981230s1999 nyua b 000 0 eng
020 _a0942299337 (cloth : acidfree paper)
020 _a0942299345 (paper : acidfree paper)
040 _cPK-LaUMT
082 0 0 _a306.877
_221
_bHER-T
100 1 _aHéritier, Françoise
245 1 0 _aTwo sisters and their mother :
_bthe anthropology of incest /
_cby Françoise Héritier ; translated by Jeanine Herman
260 _aNew York :
_bZone Books,
_c1999
300 _a341 p. :
_bill. ;
_c24 cm.
650 0 _aIncest.
650 0 _aKinship.
650 0 _aConsanguinity.
942 _cBK